<?xml version="1.0" encoding="UTF-8"?>
<record
    xmlns:xsi="http://www.w3.org/2001/XMLSchema-instance"
    xsi:schemaLocation="http://www.loc.gov/MARC21/slim http://www.loc.gov/standards/marcxml/schema/MARC21slim.xsd"
    xmlns="http://www.loc.gov/MARC21/slim">

  <leader>00687nam a2200229 i 4500</leader>
  <controlfield tag="001">28368</controlfield>
  <controlfield tag="003">ES-MaACL</controlfield>
  <controlfield tag="005">20230906153837.0</controlfield>
  <controlfield tag="007">t|</controlfield>
  <controlfield tag="008">030117s1956    sp f         |||| |bspa d</controlfield>
  <datafield tag="100" ind1="1" ind2=" ">
    <subfield code="a">Bainbridge, John.</subfield>
    <subfield code="9">24730</subfield>
  </datafield>
  <datafield tag="245" ind1="1" ind2="0">
    <subfield code="a">Memorias de Greta Garbo / </subfield>
    <subfield code="c">John Bainbridge ; [traducci&#xF3;n directa del ingl&#xE9;s por L. Sureda Guyt&#xF3;].</subfield>
  </datafield>
  <datafield tag="250" ind1=" " ind2=" ">
    <subfield code="a">1&#xAA; ed.</subfield>
  </datafield>
  <datafield tag="260" ind1=" " ind2=" ">
    <subfield code="a">Barcelona : </subfield>
    <subfield code="b">A.H.R., </subfield>
    <subfield code="c">[1956] (</subfield>
    <subfield code="f">Estampa)</subfield>
  </datafield>
  <datafield tag="300" ind1=" " ind2=" ">
    <subfield code="a">342 p., 10 l&#xE1;m. ; </subfield>
    <subfield code="c">22 cm.</subfield>
  </datafield>
  <datafield tag="490" ind1="1" ind2=" ">
    <subfield code="a">Amanecer</subfield>
  </datafield>
  <datafield tag="600" ind1="1" ind2="4">
    <subfield code="a">Garbo, Greta (</subfield>
    <subfield code="d">1905-1990)</subfield>
    <subfield code="9">167685</subfield>
  </datafield>
  <datafield tag="700" ind1="1" ind2=" ">
    <subfield code="a">Sureda, Leoncio.</subfield>
    <subfield code="9">108817</subfield>
  </datafield>
  <datafield tag="830" ind1="0" ind2=" ">
    <subfield code="a">Amanecer</subfield>
    <subfield code="9">181036</subfield>
  </datafield>
  <datafield tag="852" ind1=" " ind2=" ">
    <subfield code="a">ES-MaACL</subfield>
    <subfield code="j">C-11326</subfield>
  </datafield>
  <datafield tag="999" ind1=" " ind2=" ">
    <subfield code="c">28368</subfield>
    <subfield code="d">28368</subfield>
  </datafield>
  <datafield tag="952" ind1=" " ind2=" ">
    <subfield code="0">0</subfield>
    <subfield code="1">0</subfield>
    <subfield code="4">0</subfield>
    <subfield code="7">0</subfield>
    <subfield code="a">ATENEOM</subfield>
    <subfield code="b">ATENEOM</subfield>
    <subfield code="c">SPAL</subfield>
    <subfield code="d">2008-01-17</subfield>
    <subfield code="e">SC</subfield>
    <subfield code="l">0</subfield>
    <subfield code="o">C-11326</subfield>
    <subfield code="p">1029287</subfield>
    <subfield code="r">2023-02-23 00:00:00</subfield>
    <subfield code="w">2023-02-23</subfield>
    <subfield code="y">MONOGRAFIA</subfield>
  </datafield>
</record>
